Clic Qui chantait ? 1 chanson -> 1 interprète (13) - Statistiques

Statistiques générales
  • Ce quiz a été pris 76 fois
  • Le résultat moyen est 12 sur 25
Statistiques - réponses
Hint Réponse % Correct
Il avait les mots Sheryfa Luna
82%
Confidence pour confidence Jean Schultheis
76%
Elle me contrôle M. Pokora
76%
Antisocial Trust
76%
Doudou Aya Nakamura
74%
L'horloge tourne Mickaël Miro
73%
Aux arbres citoyens Yannick Noah
73%
À la faveur de l'automne Tété
67%
Mise au point Jakie Quartz
59%
Les moulins de mon cœur Michel Legrand
58%
Voyage en Italie Lilicub
55%
Paris en colère Mireille Mathieu
50%
Où est ma chemise grise ? Patrick Topaloff
48%
Mercy Madame Monsieur
47%
Minnie, petite souris Henri Salvador
42%
On n'est pas à une bêtise près Renan Luce
38%
La p'tite Lady Vivien Savage
38%
Les gondoles à Venise Ringo
33%
Ah ! Si j'étais riche… Ivan Rebroff
27%
Et je danse Lova Moor
26%
Les volets clos Nicoletta
26%
Loin du froid de décembre Hélène Ségara
23%
Le sifflet des copains Sheila
18%
Il est trop tard Georges Moustaki
14%
Pas gaie la pagaille Maurane
8%
Aucun quiz correspondant
Distribution des résultats
% des personnes avec chaque résultat
Percentile par nombre de réponses
Votre historique - résultats
Vous n’avez pas pris ce quiz